| 000 | 00443nam a2200157Ia 4500 | ||
|---|---|---|---|
| 008 | 220216s9999 xx 000 0 und d | ||
| 100 | _aDees Michiel | ||
| 245 | 0 | _aImproved peroxide curing efficiency of EPDM with VNB as third monomer in an engine mount formulation. Part.1 | |
| 260 |
_bRubber World _c2008 |
||
| 300 | _a19-25 | ||
| 650 | _aEPDM | ||
| 650 | _aPeroxide curing | ||
| 650 | _aVNB | ||
| 700 | _aDuin Martin van | ||
| 942 | _cJS | ||
| 999 |
_c60842 _d60842 |
||